| 000 | 00635nam a2200145 a 4500 | ||
|---|---|---|---|
| 008 | 120416s1970 ||||||||||||||||| || u | ||
| 050 | _aTA 330 Dea | ||
| 100 | _aDean, K. J | ||
| 245 | 1 | 0 | _aFundamentals of engineering science and mathematics |
| 260 |
_aHarmondsworth _bPenguin _c1970 |
||
| 300 | _a2v. : ill. | ||
| 350 | _a0.00 | ||
| 995 |
_aBINDERY (DAMAGED) _D0.00 _e718301 _FCBU-MAIN LIBRARY (Kitwe) _H2 _I2.50 _jTA 330 Dea _M1 _UDAMAGED _y014613 _ZMain Library Open Access Collection |
||
| 995 |
_aANNEX COLLECTION (Main Library) _D0.00 _e718299 _FCBU-MAIN LIBRARY (Kitwe) _H1 _I2.50 _jTA 330 Dea _M1 _UAVAILABLE _y014612 _ZAnnex Low-Usage Collection |
||
| 999 |
_c63349 _d63349 |
||